<?xml version="1.0" encoding="UTF-8"?>
<collection xmlns="http://www.loc.gov/MARC21/slim">
 <record>
  <leader>00790aam a2200229 a 4500</leader>
  <controlfield tag="001">EUN.eunm009535</controlfield>
  <controlfield tag="007">ta</controlfield>
  <controlfield tag="008">230504s2019####ag#####fr#####001#0#spa##</controlfield>
  <controlfield tag="005">20250715114247.0</controlfield>
  <datafield tag="245" ind1="1" ind2="3">
   <subfield code="a">El valor de la otra identidad :</subfield>
   <subfield code="b">(acerca del principio axiológico de identidad) /</subfield>
   <subfield code="c">Jorge Mingarro.</subfield>
  </datafield>
  <datafield tag="260" ind1=" " ind2=" ">
   <subfield code="a">Buenos Aires :</subfield>
   <subfield code="b">Dunken,</subfield>
   <subfield code="c">2019.</subfield>
  </datafield>
  <datafield tag="300" ind1=" " ind2=" ">
   <subfield code="a">120 p. ;</subfield>
   <subfield code="c">23 cm.</subfield>
  </datafield>
  <datafield tag="504" ind1=" " ind2=" ">
   <subfield code="a">Incluye notas y referencias bibliográficas a pie de página.</subfield>
  </datafield>
  <datafield tag="020" ind1=" " ind2=" ">
   <subfield code="a">978-987-85-0383-7</subfield>
  </datafield>
  <datafield tag="100" ind1="1" ind2=" ">
   <subfield code="a">Mingarro, Jorge,</subfield>
   <subfield code="d">1949-,</subfield>
   <subfield code="e">autor.</subfield>
   <subfield code="4">aut</subfield>
  </datafield>
  <datafield tag="080" ind1=" " ind2=" ">
   <subfield code="a">1</subfield>
   <subfield code="2">2016</subfield>
  </datafield>
  <datafield tag="082" ind1="0" ind2="4">
   <subfield code="a">111.82</subfield>
   <subfield code="2">21</subfield>
  </datafield>
  <datafield tag="650" ind1=" " ind2="7">
   <subfield code="a">Identidad.</subfield>
   <subfield code="2">unescot</subfield>
  </datafield>
  <datafield tag="650" ind1=" " ind2="7">
   <subfield code="a">Filosofía.</subfield>
   <subfield code="2">unbist</subfield>
  </datafield>
  <datafield tag="040" ind1=" " ind2=" ">
   <subfield code="a">AR-BaBN</subfield>
   <subfield code="b">spa</subfield>
   <subfield code="c">AR-BaBN</subfield>
   <subfield code="e">aacr</subfield>
   <subfield code="d">AR-BaUNS</subfield>
  </datafield>
  <datafield tag="044" ind1=" " ind2=" ">
   <subfield code="a">ag</subfield>
   <subfield code="c">ar-c</subfield>
  </datafield>
  <datafield tag="859" ind1=" " ind2=" ">
   <subfield code="a">AR-BaUNS</subfield>
   <subfield code="b">BIB. CENTRAL - Sector A</subfield>
   <subfield code="h">111.82</subfield>
   <subfield code="i">M663</subfield>
   <subfield code="p">129014/025</subfield>
  </datafield>
 </record>
</collection>
